000 01050nam a22002537a 4500
005 20170124102933.0
010 _aB-056607
020 _c350.00
035 _aB-056607
037 _bCen Lib/Ret
040 _aDPL
_bHN
082 _a821.08
_bविजय
100 _aविजयलक्ष्मी
_945600
245 _aछायावाद का प्रेम-दर्शन /
_cविजयलक्ष्मी
246 _aChhayavad ka prem-darshan /
_bby Vijaylakshmi
260 _aदिल्ली
_bईशा ज्ञानदीप
_c2001
270 _a18-474/ 2, नयी बस्ती किशन गंज
_bदिल्ली
300 _a279पृ.
_c21सेमी (सजिल्द)
650 _aहिन्दी साहित्य
_945601
650 _aखण्ड काव्य
_xछायावादी प्रेम
_945602
650 _aHindi literature
_945603
650 _aPoetry Section
_xChhayawadi Love
_945604
942 _2ddc
_cHN
_h821.08
_mविजय
999 _c112039
_d112039